The strange death of the Soviet empire / (Record no. 127058)

MARC details
000 -LEADER
campo de control de longitud fija 02668nam a22002417a 4500
003 - IDENTIFICADOR DE NÚMERO DE CONTROL
campo de control BJBSDDR
005 - FECHA Y HORA DE LA ÚLTIMA TRANSACCIÓN
campo de control 20260512120309.0
007 - CAMPO FIJO DE DESCRIPCIÓN FÍSICA--INFORMACIÓN GENERAL
campo de control de longitud fija ta
008 - DATOS DE LONGITUD FIJA--INFORMACIÓN GENERAL
campo de control de longitud fija 260512s1995 nyu||||| |||| 00| 0 eng d
020 ## - NÚMERO INTERNACIONAL ESTÁNDAR DEL LIBRO
Número Internacional Estándar del Libro 9780805041545
020 ## - NÚMERO INTERNACIONAL ESTÁNDAR DEL LIBRO
Número Internacional Estándar del Libro 0805041540
040 ## - FUENTE DE CATALOGACIÓN
Lengua de catalogación spa
Centro/agencia transcriptor BJBSDDR
041 ## - CÓDIGO DE IDIOMA
Código de lengua del texto/banda sonora o título independiente eng
050 ## - SIGNATURA TOPOGRÁFICA DE LA BIBLIOTECA DEL CONGRESO
Número de ítem P973 1995
100 1# - ENTRADA PRINCIPAL--NOMBRE DE PERSONA
Nombre de persona Pryce-Jones, David
9 (RLIN) 48214
245 14 - MENCIÓN DEL TÍTULO
Título The strange death of the Soviet empire /
Mención de responsabilidad, etc. David Pryce-Jones
260 ## - PUBLICACIÓN, DISTRIBUCIÓN, ETC.
Lugar de publicación, distribución, etc. New York :
Nombre del editor, distribuidor, etc. Metropolitan Books, H. Holt,
Fecha de publicación, distribución, etc. 1995
300 ## - DESCRIPCIÓN FÍSICA
Extensión viii, 456 pages :
Otras características físicas illustrations ;
Dimensiones 24 cm
505 ## - NOTA DE CONTENIDO CON FORMATO
Nota de contenido con formato No one was happy<br/>I would prefer not to<br/>Infantile ruses<br/>Seizing the spoils<br/>The man allowed to leave<br/>Tomorrow the whole world<br/>We can't go on like this<br/>Elections<br/>The Ribbentop-Molotov pact<br/>First steps in reform<br/>War as a class struggle<br/>A man with whom we can do business<br/>National in form<br/>The Muslim heritage<br/>The Baltic Republics<br/>The wish of the majority of Estonians<br/>You have killed Soviet Latvia<br/>Communism had rotted from within<br/>Solidarity and the general<br/>The round table<br/>The iron curtain opens Whoever acts too late is punished<br/>Flashpoints<br/>Little brothers<br/>Götterdämmerung<br/>The last ambassador<br/>German reunification<br/>There were no statesmen<br/>Let's call in the tanks<br/>Civic forium<br/>We had imposed ourselves<br/>A lack of political will<br/>The leading role<br/>Mafias of the world unite<br/>Initiatives<br/>Who is lying, I do not know<br/>Caught in a trap<br/>The state committee and the coup<br/>A friendly little chat<br/>The speaker<br/>What are you doing among them?
520 ## - RESUMEN, ETC.
Sumario, etc. The sudden and almost bloodless demise of the Soviet Union - and with it, communism - caught everyone by surprise, from the KGB and the Red Army to Gorbachev, Yeltsin, and the dissidents at home and in the satellite states. In the first full-scale account of this mysterious transformation, historian and journalist David Pryce-Jones is able to provide answers to the crucial questions: Why did Gorbachev not shoot his way out of the crisis in classic Soviet style, as former leaders had done in Hungary and Czechoslovakia? How did an unlikely alliance of nationalist actors, idealistic poets, and political priests unseat the ruling despots of Warsaw, Bucharest, East Berlin, and Prague? What role did the West really play in all this? And what do these remarkable events presage for Russia's future? The result is a vivid account of the Soviet empire's fall, as experienced from the inside - and at the top. Uncompromising in its accuracy and keen in its insight, The Strange Death of the Soviet Empire is the definitive account of one of history's greatest anticlimaxes.
942 ## - ELEMENTOS DE ENTRADA SECUNDARIOS (KOHA)
Fuente del sistema de clasificación o colocación Clasificación de Library of Congress
Suprimir en OPAC No
Tipo de ítem Koha Libro
946 ## - PROCESAMIENTO DE INFORMACIÓN LOCAL (OCLC)
Iniciales del agente catalogador cmc
Holdings
Estatus retirado Estado de pérdida Fuente del sistema de clasificación o colocación Estado de daño No para préstamo Colección Biblioteca de origen Biblioteca actual Ubicación en estantería Fecha de adquisición Signatura topográfica completa Código de barras Visto por última vez Copia número Tipo de ítem Koha
    Clasificación de Library of Congress     Automatización y Procesos Técnicos Biblioteca Juan Bosch Biblioteca Juan Bosch Automatización y Procesos Técnicos (1er. Piso) 12/05/2026 P973 1995 00000199789 12/05/2026 1 Libro